Histoire littéraire de la Grèce moderne / (Record no. 162959)

MARC details
000 -LEADER
campo de control de longitud fija 00638nam a2200193 i 4500
001 - NÚMERO DE CONTROL
campo de control 162959
003 - IDENTIFICADOR DE NÚMERO DE CONTROL
campo de control ES-MaACL
005 - FECHA Y HORA DE LA ÚLTIMA TRANSACCIÓN
campo de control 20250801094943.0
008 - DATOS DE LONGITUD FIJA--INFORMACIÓN GENERAL
campo de control de longitud fija 050706s1877 fr | |||||||| ||fre d
040 ## - FUENTE DE CATALOGACIÓN
Centro catalogador/agencia de origen CAM
Lengua de catalogación spa
Centro/agencia transcriptor CAM
100 1# - ENTRADA PRINCIPAL--NOMBRE DE PERSONA
Nombre de persona Rangabé, A.-R.
9 (RLIN) 131607
245 10 - MENCIÓN DEL TÍTULO
Título Histoire littéraire de la Grèce moderne /
Mención de responsabilidad, etc. par A.-R. Rangabé.
260 ## - PUBLICACIÓN, DISTRIBUCIÓN, ETC.
Lugar de publicación, distribución, etc. Paris :
Nombre del editor, distribuidor, etc. Calmann Levy éditeur,
Fecha de publicación, distribución, etc. 1877 (
Lugar de fabricación/manufactura Berlin :
Fabricante Imprimerie C. Feicht)
300 ## - DESCRIPCIÓN FÍSICA
Extensión 2 v. (266; 289 p.) ;
Dimensiones 19 cm.
650 #7 - PUNTO DE ACCESO ADICIONAL DE MATERIA--TÉRMINO DE MATERIA
Término de materia o nombre geográfico como elemento de entrada Literatura griega
Fuente del encabezamiento o término embne
9 (RLIN) 14597
752 ## - ENTRADA AGREGADA--NOMBRE JERÁRQUICO DEL LUGAR
País o entidad superior Francia -
Ciudad París
852 ## - LOCALIZACIÓN
Ubicación ES-MaACL
Número de control de estantería G-8769-8770
Nota libre -- Enc. hol.
Holdings
Estatus retirado Estado de pérdida Estado de daño No para préstamo Colección Biblioteca de origen Biblioteca actual Ubicación en estantería Fecha de adquisición Fuente de adquisición Total de préstamos Signatura topográfica completa Código de barras Visto por última vez Precio de reemplazo Tipo de ítem Koha
        Libros del s. XIX Biblioteca del Ateneo de Madrid Biblioteca del Ateneo de Madrid Sala Pecera Planta 3 17/01/2008     G-8769-8770 1170739 23/02/2023 23/02/2023 Libro impreso antiguo